000 00390nam a2200145Ia 4500
005 20260127130854.0
022 _a2279-0764
050 _aT58.5 .I58/
245 0 _aInternational Journal of Computer and Information Technology
250 _aVol. 6, No. 1
260 _c2023
_bIJCIT
300 _a145 p. :ill. ; 30 cm.
650 _aComputer and Technology--Periodicals
942 _cSR
_2lcc
999 _c44066
_d44066